Visualizzazione normale
Vista MARC
- Punzi Ignazio
di Personal Name
Records bibliografici associati: 1
001 - CONTROL NUMBER
- control field: 56042
003 - CONTROL NUMBER IDENTIFIER
- control field: IT-RoPau
005 - DATE AND TIME OF LATEST TRANSACTION
- control field: 20161202170445.0
008 - FIXED-LENGTH DATA ELEMENTS
- fixed length control field: 161202|| aca||aabn | a|a d
040 ## - CATALOGING SOURCE
- Original cataloging agency: IT-RoPau
- Transcribing agency: IT-RoPau
100 ## - HEADING--PERSONAL NAME
- Personal name: Punzi Ignazio
670 ## - SOURCE DATA FOUND
- Source citation: Work cat.: (IT-RoPau): Dardes Giuseppe 56041, Dov'è tuo fratello?, 2015